00000000nam##2200000za#4500
0019.661550
003CaOODSP
00520200401064019
007ta
008150407|2000||||xxc|||||     f|0| 0 fre|d
020 |a0-662-64683-5
040 |aCaOODSP|bfre
041 |aeng
041 |afre
043 |an-cn---
0861 |aBT43-101/2000
1101 |aCanada.|bConseil du trésor.|bDirection de la politique du personnel.
24510|aL'équité en emploi pour les femmes... une question toujours d'actualité
260 |aOttawa - Ontario : |bSecrétariat du Conseil du Trésor du Canada. |c2000.
300 |aTexte français, 14p. ; |c21 cm.
500 |a«La présente brochure regroupe un certain nombre de suggestions concrètes visant à accroître la participation des femmes dans tous les groupes et à tous les niveaux de la fonction publique fédérale. Ces suggestions sont réparties en quatre volets principaux: recrutement et sélection; perfectionnement professionnel et avancement de la carrière; culture organisationnelle; politiques et pratiques positives d'emploi.»--Introduction.
5203 |aLa présente brochure regroupe un certain nombre de suggestions concrètes visant à accroître la participation des femmes dans tous les groupes et à tous les niveaux de la fonction publique fédérale. Ces suggestions sont réparties en quatre volets principaux: recrutement et sélection; perfectionnement professionnel et avancement de la carrière; culture organisationnelle; politiques et pratiques positives d'emploi.--Introduction
546 |aBilingue
563 |aCouverture souple
590 |a00-23|b2000-06-09
69107|aFemme|2gcpds
69107|aÉquité en matière d'emploi|2gcpds
69107|aFonction publique|2gcpds
7760#|tL'équité en emploi pour les femmes... une question toujours d'actualité |w(CaOODSP)9.633055
7760#|tEmployment equity for women ...still matters |w(CaOODSP)9.688634
791 |tEmployment equity for women... still matters |eeng|w(CaOODSP)9.661549